000
00192 a2200097 4500
001
46812
100
_a
Leasor J
245
_a
Green beach
260
_a
_b
Heinemann
_c
090
_c
29903
_d
29903
942
_a
NUST-CAE
_c
M
_c
22117
999
_c
281885
_d
281885